making the bed - Olivia Rodrigo (All Lyrics) - Statistics

General Stats
  • This quiz has been taken 70 times
  • The average score is 327 of 394
Answer Stats
Lyrics % Correct
be
98%
I
98%
it,
98%
it
98%
it's
98%
a
96%
bed
96%
bed,
96%
makin'
96%
Makin'
96%
the
96%
But
93%
me
93%
Me
93%
am
91%
go
91%
like
91%
my
91%
so
91%
do
89%
of
89%
some
89%
sometimes
89%
Sometimes
89%
that
89%
Another
87%
bein'
87%
did
87%
don't
87%
feel
87%
got
87%
I'm
87%
not
87%
thing
87%
to
87%
wanna
87%
who
87%
at
84%
away
84%
done
84%
drunk
84%
for
84%
Gettin'
84%
just
84%
used
84%
Want
84%
where
84%
Where
84%
who's
84%
all
82%
And
82%
and
82%
friends
82%
fun
82%
girl
82%
head
82%
with
82%
been
80%
can
80%
good
80%
in
80%
tired
80%
best
78%
club
78%
day
78%
Every
78%
every
78%
know
78%
older
78%
over
78%
people
78%
ruined
78%
sheets
78%
than
78%
Pull
76%
Push
76%
throw
76%
love
73%
piece
73%
plastic
73%
pretendin'
73%
Well,
73%
well
73%
could
71%
on
71%
out
71%
say
71%
victim
71%
can't
69%
forced
69%
light,
69%
nothing
69%
oh
69%
read
69%
red
69%
somethin'
69%
They
69%
they
69%
things
69%
tourist
69%
attraction
67%
'cause
67%
conversation
67%
mine
67%
sign
67%
tell
67%
wanted,
67%
control
64%
dread
64%
into
64%
off
64%
playin'
64%
what
64%
fair
62%
imagined
62%
said
62%
stop
62%
them
62%
thought
62%
doesn't
60%
dream
60%
happen
60%
let
60%
life
60%
moment
60%
one
60%
perfect
60%
road
60%
turned
60%
up
60%
wake
60%
as
58%
city
58%
distraction
58%
has
58%
night,
58%
brakes
56%
changin'
56%
drivin'
56%
this
56%
weather
56%
feels
53%
machinery,
53%
through
53%
took
53%
someone
49%
somewhere
49%
They're
49%
from
47%
regret
47%
swerve
47%
recurrin'
44%
beautiful
42%
Countin'
27%
No matching quizzes found
Score Distribution
Percent of People with Each Score
Percentile by Number Answered
Your Score History
You have not taken this quiz